A free rein to make changes (Record no. 75035)

MARC details
000 -LEADER
fixed length control field 00876cab a2200193 4500
001 - CONTROL NUMBER
control field L129266
008 - FIXED-LENGTH DATA ELEMENTS--GENERAL INFORMATION
fixed length control field 050406n2005 000 0 eng u
035 ## - SYSTEM CONTROL NUMBER
System control number (Sirsi) u129266
041 ## - LANGUAGE CODE
Language code of text/sound track or separate title eng
100 ## - MAIN ENTRY--PERSONAL NAME
Personal name Biddulph, Keith
245 #2 - TITLE STATEMENT
Title A free rein to make changes
260 ## - PUBLICATION, DISTRIBUTION, ETC.
Date of publication, distribution, etc. 2005
490 ## - SERIES STATEMENT
Series statement Estates Gazette
Volume/sequential designation (0512) 6 March 2005, 216(1)
520 ## - SUMMARY, ETC.
Summary, etc. Gives details of the rights to occupiers granted by the Disability Discrimination Act 1995 and its regulation and codes in relation to commercial leasehold properties. Explains that occupiers can proceed with alterations to premises to make them DDA compliant and that the lessor can refuse consent only if he can show reasonable grounds for so doing.
590 ## - LOCAL NOTE (RLIN)
Local note IKA150405
650 ## - SUBJECT ADDED ENTRY--TOPICAL TERM
Topical term or geographic name entry element DISABILITY DISCRIMINATION ACT 1995
690 ## - LOCAL SUBJECT ADDED ENTRY--TOPICAL TERM (OCLC, RLIN)
Topical term or geographic name as entry element PROPERTY-COMMERCIAL PROPERTY-LEASEHOLD COMMERCIAL PROPERTY
942 ## - ADDED ENTRY ELEMENTS (KOHA)
Suppress in OPAC 0
Holdings
Withdrawn status Lost status Source of classification or shelving scheme Damaged status Not for loan Home library Current library Shelving location Date acquired Total Checkouts Full call number Barcode Date last seen Copy number Price effective from Koha item type
    Dewey Decimal Classification     London London Journal article 06/04/2005   L129266 129266-1001 06/08/2019 1 06/08/2019 Journal article